The Eddy and Friends Quiz - Statistics

General Stats
  • This quiz has been taken 26 times
  • The average score is 13 of 15
Answer Stats
Hint Answer % Correct
Joe's favorite food from the crab shack chicken strips
100%
I'M IN LOVE WITH THE ____ coco
100%
Eddy's favorite food ham
100%
Joe's favorite food from the school lunch hot dogs
100%
AND I GOT IT FROM THE ____ lolo
100%
Rick Ross eats _______ pears
100%
Steven's Favorite toy? thomas
100%
Eddy's current girlfriend? hammah
80%
When the ____'s in the crib ma drop it like it's hot pimp
80%
This is my friend Thomas .... MY NAMES IS ________ quentel
80%
Snoopy's favorite breakfast snoop loops
80%
IT SMELLS LIKE SKUNK IN HERE is said by ______ dillon
60%
Eddy's first Girlfriend hamela
60%
Kolbs's favorite saying hodemahoya
60%
The dream team is Eddy, Steven, KSI, Booker T., and _____ terio
60%
No matching quizzes found
Score Distribution
Percent of People with Each Score
Percentile by Number Answered
Your Score History
You have not taken this quiz